Evaluación de la formación
Gespeichert in:
| 1. Verfasser: | |
|---|---|
| Format: | Buch |
| Sprache: | Spanisch |
| Veröffentlicht: |
Madrid
Síntesis
2000
|
| Schriftenreihe: | Didáctica y Organización Escolar, 10
|
| Schlagworte: | |
| Tags: |
Tag hinzufügen
Keine Tags, Fügen Sie den ersten Tag hinzu!
|
MARC
| LEADER | 00000nam a2200000 a 4500 | ||
|---|---|---|---|
| 001 | UCM8623 | ||
| 003 | CL-VaPUC | ||
| 008 | 030321e20000000SP |||||||||||||||||spa|d | ||
| 082 | 0 | 4 | |a 371.26 |b CAB |2 21 |
| 100 | 0 | |a Cabrera, Flor A |e author |9 474713 | |
| 245 | 1 | 0 | |a Evaluación de la formación |
| 300 | |a 236 p | ||
| 942 | |c BK | ||
| 945 | |d 20030321 00:00:00 |a cmena | ||
| 260 | |a Madrid |b Síntesis |c 2000 | ||
| 650 | 0 | |a Evaluación de la educación |9 237505 | |
| 650 | 0 | |a Planificación del currículo |9 269599 | |
| 650 | 0 | |a Control de calidad |9 259714 | |
| 583 | |a last modification |c 20030321 00:00:00 |k Rodrigo Vera | ||
| 490 | 0 | |a Didáctica y Organización Escolar, 10 | |
| 999 | |c 303083 |d 303081 | ||
| 952 | |0 0 |1 0 |4 0 |6 371_260000000000000_CAB_2000 |7 0 |8 A |9 364062 |a BIBEDU |b BIBEDU |d 2019-11-21 |i 3884864 |o 371.26 CAB 2000 |p 3884864 |r 2019-11-21 |w 2019-11-21 |y BK |k EDU | ||